| 000 | 00887nam a22002897a 4500 | ||
|---|---|---|---|
| 001 | BR2017003173 | ||
| 003 | BR-BrBNA | ||
| 005 | 20230928105207.0 | ||
| 007 | ta | ||
| 008 | 230509b bl.||||| |||| 00| 0 por d | ||
| 040 |
_aBR-BrBNA _bpor _cBiblioteca Nacional de Agricultura |
||
| 041 | _a(Eng) | ||
| 072 |
_aD50; Q02; E71 _b9705 |
||
| 090 | _ 9705 BR2017003173 | ||
| 110 | 1 |
_aEmbassy of Brasil, Riyadh (Saudi Arabia). Trade Section _93514 |
|
| 245 | 1 |
_aBrazilian Technical Missin to Saude Arabica, March, 2003; Saudi standards and norms on food-general and poultry _bHead of the mission Maçao Tadano |
|
| 260 | 3 |
_aRiyadh (Saudi Arabia): _c2003. |
|
| 300 | _avp | ||
| 650 | _aNORMA | ||
| 650 | _aPADRÃO DE ALIMENTO | ||
| 650 | _aFRANGO | ||
| 650 | _aCARNE | ||
| 650 | _aEXPORTAÇÃO | ||
| 650 | _aARABIA SAUDITA | ||
| 909 |
_a202309 _bLucia _c55 _dLucia Elande |
||
| 942 | _cBK | ||
| 999 |
_c83959 _d83959 |
||